000 00721nam a2200145 4500
001 3927
005 20181127172232.0
090 0 0 _a658.38 L1251re 2012
100 0 0 _aDepartment of Labour, Ministry of Labour and Human Resources, Royal Government of Bhutan.
245 0 0 _aRegulation on occupational health and safety for construction industry /
_b
_cDepartment of Labour, Ministry of Labour and Human Resources, Royal Government of Bhutan
_h
260 0 0 _aThimphu :
_bDepartment of Labour, Ministry of Labour and Human Resources, Royal Government of Bhutan,
_c2012.
300 0 0 _av, 68 p. :
_c22 cm.
650 0 0 _aIndustrial hygiene --Law and legislation --Bhutan.
_x
650 0 0 _aIndustrial safety --Law and legislation --Bhutan.
_x
999 _c3206
_d3206